[Event "Amateur Tournament (ATO)"]
[Site "https://www.chess.com"]
[Date "2025.07.21"]
[Round "6"]
[White "Panda, Gyorgy"]
[Black "Brand, Thomas"]
[Result "1-0"]
[Board "41"]
[WhiteFideId "799548"]
[BlackFideId "34641009"]
[WhiteElo "1718"]
[BlackElo "1464"]
[WhiteTeam "HUN"]
[BlackTeam "GER"]
[WhiteClock "0:59:18"]
[BlackClock "0:57:41"]
[Variant "Standard"]

1. Nf3 {[%clk 1:30:51]}  d5 {[%clk 1:30:45]} 2. g3 {[%clk 1:31:16]}  Nf6 {[%clk 1:30:54]} 3. Bg2 {[%clk 1:31:40]}  c6 {[%clk 1:31:18]} 4. O-O {[%clk 1:31:46]}  Bf5 {[%clk 1:31:04]} 5. d3 {[%clk 1:31:35]}  h6 {[%clk 1:31:00]} 6. Nbd2 {[%clk 1:31:23]}  e6 {[%clk 1:31:07]} 7. c4 {[%clk 1:28:42]}  Be7 {[%clk 1:30:24]} 8. Qb3 {[%clk 1:27:41]}  Qb6 {[%clk 1:29:14]} 9. Ne5 {[%clk 1:21:42]}  O-O {[%clk 1:25:22]} 10. e4 {[%clk 1:19:00]}  Qxb3 {[%clk 1:20:54]} 11. axb3 {[%clk 1:18:07]}  Bh7 {[%clk 1:21:13]} 12. exd5 {[%clk 1:17:41]}  exd5 {[%clk 1:17:14]} 13. Ndf3 {[%clk 1:15:42]}  Nbd7 {[%clk 1:14:31]} 14. d4 {[%clk 1:06:41]}  Nxe5 {[%clk 1:06:26]} 15. dxe5 {[%clk 1:02:59]}  Ne4 {[%clk 1:05:50]} 16. cxd5 {[%clk 1:02:37]}  cxd5 {[%clk 1:04:00]} 17. Be3 {[%clk 1:01:15]}  b6 {[%clk 1:04:03]} 18. Rfd1 {[%clk 1:00:54]}  Rfd8 {[%clk 1:03:00]} 19. Nd4 {[%clk 1:01:24]}  Bc5 {[%clk 0:58:57]} 20. Nc6 {[%clk 0:59:18]}  Rd7 {[%clk 0:57:41]} 1-0

[Event "Amateur Tournament (ATO)"]
[Site "https://www.chess.com"]
[Date "2025.07.21"]
[Round "6"]
[White "Schaefer, Gion"]
[Black "Muehlemann, Walter"]
[Result "0-1"]
[Board "44"]
[WhiteFideId "1362097"]
[BlackFideId "1307010"]
[WhiteElo "1812"]
[BlackElo "1624"]
[WhiteTeam "SUI"]
[BlackTeam "SUI"]
[WhiteClock "1:00:01"]
[BlackClock "1:04:16"]
[Variant "Standard"]

1. d4 {[%clk 1:30:55]}  d5 {[%clk 1:30:53]} 2. c4 {[%clk 1:31:14]}  e6 {[%clk 1:31:07]} 3. Nf3 {[%clk 1:31:08]}  c5 {[%clk 1:30:51]} 4. Nc3 {[%clk 1:30:41]}  Nf6 {[%clk 1:30:47]} 5. Bg5 {[%clk 1:30:21]}  Nc6 {[%clk 1:30:05]} 6. e4 {[%clk 1:28:50]}  Be7 {[%clk 1:25:05]} 7. e5 {[%clk 1:26:31]}  Ne4 {[%clk 1:22:50]} 8. Bxe7 {[%clk 1:26:15]}  Qxe7 {[%clk 1:23:21]} 9. cxd5 {[%clk 1:26:00]}  Nxc3 {[%clk 1:23:14]} 10. bxc3 {[%clk 1:26:12]}  exd5 {[%clk 1:23:16]} 11. a4 {[%clk 1:21:18]}  O-O {[%clk 1:22:37]} 12. h4 {[%clk 1:20:57]}  f6 {[%clk 1:20:10]} 13. Be2 {[%clk 1:19:14]}  Bg4 {[%clk 1:18:55]} 14. h5 {[%clk 1:09:22]}  fxe5 {[%clk 1:16:27]} 15. dxe5 {[%clk 1:09:26]}  Rad8 {[%clk 1:15:23]} 16. Rb1 {[%clk 1:07:10]}  Kh8 {[%clk 1:14:27]} 17. Qc2 {[%clk 1:06:29]}  Bxf3 {[%clk 1:12:44]} 18. gxf3 {[%clk 1:05:49]}  Nxe5 {[%clk 1:12:23]} 19. Kd1 {[%clk 1:03:25]}  d4 {[%clk 1:11:05]} 20. cxd4 {[%clk 1:02:12]}  Rxd4+ {[%clk 1:10:35]} 21. Kc1 {[%clk 1:02:23]}  Qg5+ {[%clk 1:09:10]} 22. Kb2 {[%clk 1:02:09]}  b6 {[%clk 1:07:14]} 23. Rbg1 {[%clk 1:00:01]}  Qd2 {[%clk 1:04:16]} 24. Rg3 {[%clk 1:00:01]}  Rb4+ {[%clk 1:04:16]} 0-1

[Event "Amateur Tournament (ATO)"]
[Site "https://www.chess.com"]
[Date "2025.07.21"]
[Round "6"]
[White "Lincke, Paul"]
[Black "Gotti, Nicola"]
[Result "0-1"]
[Board "45"]
[WhiteFideId "1302507"]
[BlackFideId "1301039"]
[WhiteElo "1556"]
[BlackElo "1738"]
[WhiteTeam "SUI"]
[BlackTeam "SUI"]
[WhiteClock "0:35:15"]
[BlackClock "0:19:23"]
[Variant "Standard"]

1. e4 {[%clk 1:29:58]}  e5 {[%clk 1:30:40]} 2. Nf3 {[%clk 1:29:48]}  Nc6 {[%clk 1:30:50]} 3. a3 {[%clk 1:29:27]}  Nf6 {[%clk 1:30:06]} 4. d3 {[%clk 1:30:08]}  Bc5 {[%clk 1:28:37]} 5. Be2 {[%clk 1:30:14]}  d6 {[%clk 1:28:17]} 6. O-O {[%clk 1:30:17]}  Bg4 {[%clk 1:27:42]} 7. h3 {[%clk 1:30:34]}  Bd7 {[%clk 1:23:37]} 8. b4 {[%clk 1:30:23]}  Bb6 {[%clk 1:21:49]} 9. c4 {[%clk 1:30:02]}  Nd4 {[%clk 1:21:27]} 10. Nh2 {[%clk 1:29:41]}  O-O {[%clk 1:18:08]} 11. Nc3 {[%clk 1:28:55]}  c6 {[%clk 1:17:44]} 12. Ra2 {[%clk 1:28:17]}  Rc8 {[%clk 1:14:51]} 13. Bg5 {[%clk 1:26:13]}  h6 {[%clk 1:14:22]} 14. Bxf6 {[%clk 1:23:54]}  Qxf6 {[%clk 1:13:59]} 15. Bg4 {[%clk 1:23:57]}  Be6 {[%clk 1:13:24]} 16. Bxe6 {[%clk 1:22:48]}  Nxe6 {[%clk 1:10:31]} 17. Ng4 {[%clk 1:21:53]}  Qg6 {[%clk 1:10:27]} 18. c5 {[%clk 1:17:58]}  Bc7 {[%clk 1:08:20]} 19. cxd6 {[%clk 1:17:26]}  Bxd6 {[%clk 1:08:16]} 20. b5 {[%clk 1:16:08]}  Nf4 {[%clk 1:07:29]} 21. Qf3 {[%clk 1:13:20]}  f5 {[%clk 1:06:33]} 22. exf5 {[%clk 1:11:09]}  Rxf5 {[%clk 1:05:39]} 23. Ne4 {[%clk 1:08:49]}  Rd8 {[%clk 0:58:08]} 24. bxc6 {[%clk 1:08:21]}  bxc6 {[%clk 0:58:20]} 25. Ne3 {[%clk 1:01:59]}  Rf7 {[%clk 0:56:03]} 26. Qg4 {[%clk 1:01:11]}  Qxg4 {[%clk 0:52:57]} 27. hxg4 {[%clk 1:00:42]}  Bf8 {[%clk 0:50:20]} 28. Nc4 {[%clk 0:57:09]}  Nxd3 {[%clk 0:46:07]} 29. Rd1 {[%clk 0:55:43]}  Rfd7 {[%clk 0:42:21]} 30. Na5 {[%clk 0:52:00]}  c5 {[%clk 0:37:17]} 31. g5 {[%clk 0:51:05]}  h5 {[%clk 0:34:16]} 32. Nc6 {[%clk 0:50:39]}  Ra8 {[%clk 0:25:46]} 33. Na5 {[%clk 0:49:03]}  Rd4 {[%clk 0:25:36]} 34. Nc3 {[%clk 0:47:35]}  Nf4 {[%clk 0:24:57]} 35. Rxd4 {[%clk 0:45:33]}  cxd4 {[%clk 0:24:39]} 36. Ne4 {[%clk 0:45:47]}  Rc8 {[%clk 0:24:26]} 37. Kh2 {[%clk 0:45:02]}  Ne6 {[%clk 0:24:08]} 38. a4 {[%clk 0:44:05]}  Nc5 {[%clk 0:23:01]} 39. Ng3 {[%clk 0:40:52]}  e4 {[%clk 0:21:55]} 40. Nxh5 {[%clk 0:39:10]}  d3 {[%clk 0:21:59]} 41. Nc4 {[%clk 0:38:20]}  Nb3 {[%clk 0:21:52]} 42. Nd2 {[%clk 0:37:54]}  Nxd2 {[%clk 0:21:06]} 43. Rxd2 {[%clk 0:38:07]}  Bb4 {[%clk 0:21:20]} 44. Rd1 {[%clk 0:37:43]}  d2 {[%clk 0:21:11]} 45. Ng3 {[%clk 0:35:26]}  Rc1 {[%clk 0:21:18]} 46. Rxd2 {[%clk 0:34:27]}  Bxd2 {[%clk 0:21:33]} 47. Nxe4 {[%clk 0:34:35]}  Bb4 {[%clk 0:19:59]} 48. g6 {[%clk 0:34:42]}  Re1 {[%clk 0:19:14]} 49. f3 {[%clk 0:34:42]}  Rd1 {[%clk 0:19:16]} 50. Ng5 {[%clk 0:34:53]}  Bd6+ {[%clk 0:19:23]} 51. Kh3 {[%clk 0:35:15]} 0-1

[Event "Amateur Tournament (ATO)"]
[Site "https://www.chess.com"]
[Date "2025.07.21"]
[Round "6"]
[White "Gueldenapfel, Thomas"]
[Black "Luedi, Paul"]
[Result "0-1"]
[Board "46"]
[WhiteFideId "1320696"]
[BlackFideId "1319930"]
[WhiteElo "1489"]
[BlackElo "1716"]
[WhiteTeam "SUI"]
[BlackTeam "SUI"]
[WhiteClock "1:18:03"]
[BlackClock "1:34:54"]
[Variant "Standard"]

1. c4 {[%clk 1:30:32]}  b6 {[%clk 1:30:30]} 2. d3 {[%clk 1:30:32]}  Bb7 {[%clk 1:30:22]} 3. e4 {[%clk 1:30:51]}  c5 {[%clk 1:30:40]} 4. Nc3 {[%clk 1:30:31]}  e6 {[%clk 1:30:59]} 5. Nf3 {[%clk 1:30:43]}  Nc6 {[%clk 1:31:11]} 6. Be3 {[%clk 1:28:58]}  g6 {[%clk 1:31:31]} 7. Be2 {[%clk 1:28:39]}  Bg7 {[%clk 1:31:52]} 8. Rc1 {[%clk 1:28:27]}  Nge7 {[%clk 1:31:58]} 9. O-O {[%clk 1:28:02]}  d5 {[%clk 1:32:13]} 10. exd5 {[%clk 1:21:19]}  exd5 {[%clk 1:32:31]} 11. b3 {[%clk 1:21:36]}  d4 {[%clk 1:32:43]} 12. Ne1 {[%clk 1:20:47]}  dxc3 {[%clk 1:32:33]} 13. Rxc3 {[%clk 1:20:23]}  Bxc3 {[%clk 1:32:51]} 14. Qc2 {[%clk 1:20:45]}  Nd4 {[%clk 1:32:47]} 15. Qd1 {[%clk 1:20:42]}  Nef5 {[%clk 1:32:37]} 16. Bxd4 {[%clk 1:20:04]}  Bxd4 {[%clk 1:32:43]} 17. Nf3 {[%clk 1:19:47]}  O-O {[%clk 1:33:01]} 18. Qd2 {[%clk 1:19:19]}  Qf6 {[%clk 1:32:53]} 19. Nxd4 {[%clk 1:16:51]}  Nxd4 {[%clk 1:32:57]} 20. Bd1 {[%clk 1:16:59]}  Rae8 {[%clk 1:33:03]} 21. Re1 {[%clk 1:16:28]}  Qc6 {[%clk 1:33:21]} 22. f3 {[%clk 1:16:00]}  Rxe1+ {[%clk 1:33:29]} 23. Qxe1 {[%clk 1:15:52]}  Re8 {[%clk 1:33:50]} 24. Qf2 {[%clk 1:16:16]}  Qe6 {[%clk 1:34:00]} 25. h3 {[%clk 1:16:17]}  Qe1+ {[%clk 1:33:52]} 26. Qxe1 {[%clk 1:16:29]}  Rxe1+ {[%clk 1:34:05]} 27. Kf2 {[%clk 1:16:52]}  Rxd1 {[%clk 1:34:18]} 28. Kg3 {[%clk 1:17:19]}  Rd2 {[%clk 1:34:05]} 29. a4 {[%clk 1:17:37]}  Nf5+ {[%clk 1:34:22]} 30. Kh2 {[%clk 1:17:54]}  Bxf3 {[%clk 1:34:36]} 31. Kg1 {[%clk 1:18:15]}  Rxg2+ {[%clk 1:34:54]} 32. Kf1 {[%clk 1:18:03]} 0-1

[Event "Amateur Tournament (ATO)"]
[Site "https://www.chess.com"]
[Date "2025.07.22"]
[Round "7"]
[White "Kuenzli, Simon"]
[Black "Tereshchenko, Eva"]
[Result "1-0"]
[Board "2"]
[WhiteFideId "1308475"]
[BlackFideId "34389903"]
[WhiteElo "1993"]
[BlackElo "1809"]
[WhiteTeam "SUI"]
[BlackTeam "FID"]
[WhiteClock "0:18:50"]
[BlackClock "0:04:02"]
[Variant "Standard"]

1. e4 {[%clk 1:30:46]}  c5 {[%clk 1:30:55]} 2. Nf3 {[%clk 1:31:12]}  e6 {[%clk 1:31:20]} 3. d4 {[%clk 1:31:37]}  cxd4 {[%clk 1:31:45]} 4. Nxd4 {[%clk 1:32:02]}  Nc6 {[%clk 1:32:09]} 5. Nc3 {[%clk 1:32:03]}  Qc7 {[%clk 1:32:29]} 6. Ndb5 {[%clk 1:27:31]}  Qb8 {[%clk 1:32:48]} 7. Be3 {[%clk 1:27:33]}  a6 {[%clk 1:33:04]} 8. Bb6 {[%clk 1:27:02]}  axb5 {[%clk 1:33:20]} 9. Nxb5 {[%clk 1:27:24]}  Bb4+ {[%clk 1:33:34]} 10. c3 {[%clk 1:27:30]}  Ba5 {[%clk 1:33:33]} 11. Nc7+ {[%clk 1:27:35]}  Qxc7 {[%clk 1:33:46]} 12. Bxc7 {[%clk 1:27:58]}  Bxc7 {[%clk 1:34:12]} 13. Bd3 {[%clk 1:27:18]}  Nf6 {[%clk 1:32:33]} 14. O-O {[%clk 1:26:38]}  d5 {[%clk 1:29:49]} 15. g3 {[%clk 0:42:48]}  O-O {[%clk 0:26:09]} 16. Kg2 {[%clk 0:18:50]}  Kh8 {[%clk 0:04:02]} 1-0

[Event "Amateur Tournament (ATO)"]
[Site "https://www.chess.com"]
[Date "2025.07.22"]
[Round "7"]
[White "Haas, Anthony"]
[Black "Ding, Shirui"]
[Result "0-1"]
[Board "3"]
[WhiteFideId "1346407"]
[BlackFideId "8618445"]
[WhiteElo "1883"]
[BlackElo "1770"]
[WhiteTeam "SUI"]
[BlackTeam "CHN"]
[WhiteClock "0:03:01"]
[BlackClock "0:09:06"]
[Variant "Standard"]

1. d4 {[%clk 1:30:57]}  Nf6 {[%clk 1:30:53]} 2. c4 {[%clk 1:31:25]}  g6 {[%clk 1:31:16]} 3. g3 {[%clk 1:31:50]}  c6 {[%clk 1:31:41]} 4. Bg2 {[%clk 1:32:14]}  d5 {[%clk 1:32:05]} 5. Nf3 {[%clk 1:32:38]}  Bg7 {[%clk 1:32:27]} 6. O-O {[%clk 1:33:00]}  O-O {[%clk 1:32:45]} 7. Ne5 {[%clk 1:33:09]}  Ng4 {[%clk 1:28:33]} 8. Bf4 {[%clk 1:17:12]}  Qb6 {[%clk 1:21:39]} 9. cxd5 {[%clk 1:05:40]}  Qxb2 {[%clk 1:16:39]} 10. Nd2 {[%clk 1:03:36]}  cxd5 {[%clk 0:57:17]} 11. Rb1 {[%clk 0:37:20]}  Qxa2 {[%clk 0:54:50]} 12. Qc1 {[%clk 0:27:41]}  Nxe5 {[%clk 0:51:54]} 13. Ra1 {[%clk 0:27:24]}  Qxa1 {[%clk 0:51:17]} 14. Qxa1 {[%clk 0:27:40]}  Nec6 {[%clk 0:51:38]} 15. e3 {[%clk 0:26:38]}  e6 {[%clk 0:50:31]} 16. Rc1 {[%clk 0:26:13]}  Nd7 {[%clk 0:47:31]} 17. Bd6 {[%clk 0:24:49]}  Re8 {[%clk 0:47:42]} 18. Nb3 {[%clk 0:24:40]}  Nb6 {[%clk 0:47:07]} 19. Bf1 {[%clk 0:20:03]}  e5 {[%clk 0:43:52]} 20. Bb5 {[%clk 0:14:28]}  exd4 {[%clk 0:41:12]} 21. Nxd4 {[%clk 0:13:46]}  Nxd4 {[%clk 0:40:10]} 22. exd4 {[%clk 0:13:49]}  Re4 {[%clk 0:39:54]} 23. Be5 {[%clk 0:11:29]}  Bxe5 {[%clk 0:37:20]} 24. dxe5 {[%clk 0:11:52]}  Bh3 {[%clk 0:34:20]} 25. Bf1 {[%clk 0:09:22]}  Bxf1 {[%clk 0:33:11]} 26. Kxf1 {[%clk 0:09:22]}  Nc4 {[%clk 0:31:52]} 27. Re1 {[%clk 0:07:09]}  Rxe1+ {[%clk 0:29:38]} 28. Qxe1 {[%clk 0:07:18]}  Re8 {[%clk 0:29:36]} 29. f4 {[%clk 0:07:27]}  a5 {[%clk 0:29:33]} 30. Qa1 {[%clk 0:06:23]}  b5 {[%clk 0:28:57]} 31. Ke2 {[%clk 0:06:50]}  a4 {[%clk 0:24:30]} 32. Qb1 {[%clk 0:02:10]}  Rb8 {[%clk 0:23:50]} 33. Qb4 {[%clk 0:01:19]}  a3 {[%clk 0:24:09]} 34. Qe7 {[%clk 0:01:45]}  Rb6 {[%clk 0:17:39]} 35. f5 {[%clk 0:01:54]}  gxf5 {[%clk 0:17:05]} 36. Qd8+ {[%clk 0:01:27]}  Kg7 {[%clk 0:17:29]} 37. Qg5+ {[%clk 0:01:54]}  Rg6 {[%clk 0:17:42]} 38. Qc1 {[%clk 0:02:07]}  b4 {[%clk 0:17:27]} 39. h4 {[%clk 0:02:35]}  b3 {[%clk 0:16:45]} 40. Qc3 {[%clk 0:02:40]}  b2 {[%clk 0:11:43]} 41. e6+ {[%clk 0:02:50]}  Kg8 {[%clk 0:08:19]} 42. exf7+ {[%clk 0:02:27]}  Kxf7 {[%clk 0:08:42]} 43. Qb4 {[%clk 0:02:54]}  Rb6 {[%clk 0:08:58]} 44. Qc5 {[%clk 0:03:01]}  Re6+ {[%clk 0:09:06]} 0-1

[Event "Amateur Tournament (ATO)"]
[Site "https://www.chess.com"]
[Date "2025.07.22"]
[Round "7"]
[White "Meshach, Felix"]
[Black "Jud, Marc"]
[Result "1-0"]
[Board "4"]
[WhiteFideId "1342959"]
[BlackFideId "1309099"]
[WhiteElo "1905"]
[BlackElo "1958"]
[WhiteTeam "SUI"]
[BlackTeam "SUI"]
[WhiteClock "0:31:24"]
[BlackClock "0:55:27"]
[Variant "Standard"]

1. e4 {[%clk 1:30:57]}  d6 {[%clk 1:30:46]} 2. Nc3 {[%clk 1:31:22]}  Nf6 {[%clk 1:30:17]} 3. Bc4 {[%clk 1:30:54]}  e6 {[%clk 1:29:59]} 4. Bb3 {[%clk 1:30:27]}  c5 {[%clk 1:30:12]} 5. f4 {[%clk 1:30:40]}  Nc6 {[%clk 1:29:54]} 6. Nf3 {[%clk 1:31:03]}  a6 {[%clk 1:30:36]} 7. a4 {[%clk 1:31:04]}  Qc7 {[%clk 1:30:36]} 8. O-O {[%clk 1:31:07]}  Be7 {[%clk 1:30:35]} 9. d3 {[%clk 1:31:02]}  O-O {[%clk 1:30:18]} 10. Qe1 {[%clk 1:31:27]}  Rb8 {[%clk 1:29:33]} 11. Qg3 {[%clk 1:29:45]}  Kh8 {[%clk 1:29:38]} 12. e5 {[%clk 1:23:33]}  Nd7 {[%clk 1:28:22]} 13. Qh3 {[%clk 1:08:11]}  Nf6 {[%clk 1:18:05]} 14. Ng5 {[%clk 0:47:43]}  h6 {[%clk 1:16:01]} 15. Nge4 {[%clk 0:38:17]}  Kg8 {[%clk 0:55:27]} 16. g4 {[%clk 0:31:24]} 1-0

[Event "Amateur Tournament (ATO)"]
[Site "https://www.chess.com"]
[Date "2025.07.22"]
[Round "7"]
[White "Ruchat, Blaise"]
[Black "Kulikov, Mikhail L"]
[Result "1-0"]
[Board "7"]
[WhiteFideId "1328921"]
[BlackFideId "4147847"]
[WhiteElo "1874"]
[BlackElo "1907"]
[WhiteTeam "SUI"]
[BlackTeam "RUS"]
[WhiteClock "0:00:42"]
[BlackClock "0:06:11"]
[Variant "Standard"]

1. Nf3 {[%clk 1:30:57]}  c5 {[%clk 1:24:48]} 2. e4 {[%clk 1:30:49]}  d6 {[%clk 1:25:13]} 3. d4 {[%clk 1:30:55]}  cxd4 {[%clk 1:25:42]} 4. Nxd4 {[%clk 1:31:17]}  Nf6 {[%clk 1:26:07]} 5. f3 {[%clk 1:30:41]}  a6 {[%clk 1:26:02]} 6. c4 {[%clk 1:30:44]}  e6 {[%clk 1:26:06]} 7. Nc3 {[%clk 1:30:27]}  Be7 {[%clk 1:26:25]} 8. Be3 {[%clk 1:29:00]}  O-O {[%clk 1:26:39]} 9. Be2 {[%clk 1:29:21]}  Qc7 {[%clk 1:26:51]} 10. O-O {[%clk 1:28:50]}  Nbd7 {[%clk 1:26:52]} 11. Qd2 {[%clk 1:26:35]}  b6 {[%clk 1:26:49]} 12. Rfc1 {[%clk 1:21:47]}  Bb7 {[%clk 1:25:48]} 13. Bf1 {[%clk 1:21:11]}  Rac8 {[%clk 1:25:47]} 14. Rab1 {[%clk 1:11:04]}  Qb8 {[%clk 1:22:49]} 15. Kh1 {[%clk 0:56:47]}  Bd8 {[%clk 1:19:09]} 16. b3 {[%clk 0:37:44]}  Bc7 {[%clk 1:19:29]} 17. Bf2 {[%clk 0:31:20]}  Rcd8 {[%clk 1:05:26]} 18. g4 {[%clk 0:29:31]}  d5 {[%clk 1:03:56]} 19. g5 {[%clk 0:22:58]}  Bf4 {[%clk 0:55:40]} 20. Be3 {[%clk 0:22:51]}  Bxe3 {[%clk 0:55:52]} 21. Qxe3 {[%clk 0:23:18]}  e5 {[%clk 0:56:06]} 22. gxf6 {[%clk 0:17:00]}  exd4 {[%clk 0:53:49]} 23. Qg5 {[%clk 0:17:17]}  Nxf6 {[%clk 0:53:28]} 24. Nxd5 {[%clk 0:16:34]}  Bxd5 {[%clk 0:51:36]} 25. cxd5 {[%clk 0:16:46]}  Nd7 {[%clk 0:46:39]} 26. f4 {[%clk 0:13:57]}  Nc5 {[%clk 0:43:18]} 27. Re1 {[%clk 0:14:14]}  f5 {[%clk 0:40:29]} 28. e5 {[%clk 0:13:27]}  Ne4 {[%clk 0:25:01]} 29. Qg2 {[%clk 0:09:51]}  Rxd5 {[%clk 0:15:23]} 30. Bc4 {[%clk 0:10:04]}  Rd8 {[%clk 0:14:58]} 31. Rxe4 {[%clk 0:04:29]}  fxe4 {[%clk 0:15:21]} 32. Qxe4 {[%clk 0:04:03]}  Qa8 {[%clk 0:14:30]} 33. b4 {[%clk 0:03:43]}  Kf8 {[%clk 0:11:55]} 34. Qf5+ {[%clk 0:02:17]}  Kg8 {[%clk 0:12:05]} 35. Kg1 {[%clk 0:01:41]}  Kh8 {[%clk 0:12:01]} 36. Rb3 {[%clk 0:00:43]}  R5d7 {[%clk 0:06:22]} 37. Rh3 {[%clk 0:00:41]}  g6 {[%clk 0:05:49]} 38. Qf6+ {[%clk 0:00:46]}  Rg7 {[%clk 0:06:11]} 39. Rxh7+ {[%clk 0:00:42]} 1-0

[Event "Amateur Tournament (ATO)"]
[Site "https://www.chess.com"]
[Date "2025.07.22"]
[Round "7"]
[White "Jampen, Florian"]
[Black "Jahn, Thomas"]
[Result "1/2-1/2"]
[Board "8"]
[WhiteFideId "1352261"]
[BlackFideId "34679430"]
[WhiteElo "1891"]
[BlackElo "1964"]
[WhiteTeam "SUI"]
[BlackTeam "GER"]
[WhiteClock "0:46:02"]
[BlackClock "0:56:39"]
[Variant "Standard"]

1. c4 {[%clk 1:30:37]}  e5 {[%clk 1:30:30]} 2. g3 {[%clk 1:30:37]}  d5 {[%clk 1:30:50]} 3. cxd5 {[%clk 1:30:58]}  Qxd5 {[%clk 1:30:59]} 4. Nf3 {[%clk 1:31:26]}  Nc6 {[%clk 1:31:14]} 5. Nc3 {[%clk 1:31:49]}  Qd8 {[%clk 1:31:22]} 6. d3 {[%clk 1:32:12]}  Nf6 {[%clk 1:29:48]} 7. Bg2 {[%clk 1:32:18]}  Be7 {[%clk 1:28:27]} 8. O-O {[%clk 1:32:21]}  O-O {[%clk 1:28:37]} 9. h3 {[%clk 1:32:43]}  Be6 {[%clk 1:28:28]} 10. Ng5 {[%clk 1:30:53]}  h6 {[%clk 1:22:50]} 11. Nf3 {[%clk 1:24:18]}  Bd7 {[%clk 1:23:00]} 12. Ng5 {[%clk 1:24:19]}  Be6 {[%clk 1:22:50]} 13. Nf3 {[%clk 1:23:48]}  Qd7 {[%clk 1:16:11]} 14. Kh2 {[%clk 1:21:43]}  Nd5 {[%clk 1:15:44]} 15. Qa4 {[%clk 1:18:34]}  f6 {[%clk 1:15:00]} 16. Bd2 {[%clk 1:08:50]}  Rfd8 {[%clk 1:13:09]} 17. Nh4 {[%clk 1:01:04]}  f5 {[%clk 1:03:19]} 18. Nf3 {[%clk 0:46:02]}  Bd6 {[%clk 0:56:39]} 1/2-1/2

[Event "Amateur Tournament (ATO)"]
[Site "https://www.chess.com"]
[Date "2025.07.22"]
[Round "7"]
[White "Lavorgna, Giovanni"]
[Black "Bracher, Juerg"]
[Result "1-0"]
[Board "9"]
[WhiteFideId "11800100"]
[BlackFideId "1337521"]
[WhiteTitle "CM"]
[WhiteElo "1912"]
[BlackElo "1848"]
[WhiteTeam "ITA"]
[BlackTeam "SUI"]
[WhiteClock "0:33:46"]
[BlackClock "0:08:06"]
[Variant "Standard"]

1. d4 {[%clk 1:30:55]}  d5 {[%clk 1:30:52]} 2. Nf3 {[%clk 1:31:10]}  c6 {[%clk 1:30:58]} 3. c4 {[%clk 1:31:21]}  Nf6 {[%clk 1:30:59]} 4. Nc3 {[%clk 1:31:25]}  e6 {[%clk 1:30:41]} 5. g3 {[%clk 1:31:27]}  Be7 {[%clk 1:29:10]} 6. Bg2 {[%clk 1:31:29]}  Nbd7 {[%clk 1:29:27]} 7. O-O {[%clk 1:31:14]}  O-O {[%clk 1:29:46]} 8. Qd3 {[%clk 1:30:05]}  Re8 {[%clk 1:17:11]} 9. Ne5 {[%clk 1:27:16]}  Bc5 {[%clk 0:58:11]} 10. h4 {[%clk 0:45:45]}  h6 {[%clk 0:25:09]} 11. g4 {[%clk 0:34:25]}  g6 {[%clk 0:09:27]} 12. g5 {[%clk 0:33:28]}  hxg5 {[%clk 0:08:58]} 13. hxg5 {[%clk 0:33:46]}  Nh7 {[%clk 0:08:06]} 1-0

[Event "Amateur Tournament (ATO)"]
[Site "https://www.chess.com"]
[Date "2025.07.22"]
[Round "7"]
[White "Kalbermatter, Philipp"]
[Black "Kleinhenz, Hans-Georg"]
[Result "0-1"]
[Board "10"]
[WhiteFideId "1327976"]
[BlackFideId "4634438"]
[WhiteElo "1908"]
[BlackElo "1843"]
[WhiteTeam "SUI"]
[BlackTeam "GER"]
[WhiteClock "0:30:30"]
[BlackClock "0:27:22"]
[Variant "Standard"]

1. e4 {[%clk 1:30:49]}  c6 {[%clk 1:30:48]} 2. d4 {[%clk 1:30:50]}  d5 {[%clk 1:31:08]} 3. exd5 {[%clk 1:30:15]}  cxd5 {[%clk 1:31:21]} 4. c4 {[%clk 1:30:02]}  Nf6 {[%clk 1:29:33]} 5. Nc3 {[%clk 1:29:45]}  Nc6 {[%clk 1:28:18]} 6. Nf3 {[%clk 1:28:44]}  Bg4 {[%clk 1:21:11]} 7. cxd5 {[%clk 1:26:24]}  Bxf3 {[%clk 1:16:15]} 8. gxf3 {[%clk 1:25:17]}  Nxd5 {[%clk 1:16:15]} 9. Qb3 {[%clk 1:24:47]}  Nb6 {[%clk 1:10:48]} 10. d5 {[%clk 1:09:19]}  Nd4 {[%clk 1:05:14]} 11. Qd1 {[%clk 1:08:05]}  e5 {[%clk 1:02:29]} 12. dxe6 {[%clk 1:06:47]}  Nxe6 {[%clk 1:02:02]} 13. Bb5+ {[%clk 1:06:18]}  Nd7 {[%clk 1:01:08]} 14. Be3 {[%clk 1:04:58]}  a6 {[%clk 0:54:09]} 15. Bc4 {[%clk 0:45:19]}  Be7 {[%clk 0:37:09]} 16. f4 {[%clk 0:38:05]}  Qc8 {[%clk 0:29:10]} 17. Bd5 {[%clk 0:32:20]}  Nf6 {[%clk 0:27:30]} 18. Bf3 {[%clk 0:32:06]}  Qc4 {[%clk 0:22:21]} 19. Qe2 {[%clk 0:27:18]}  Qxe2+ {[%clk 0:21:43]} 20. Kxe2 {[%clk 0:27:29]}  Nd8 {[%clk 0:21:26]} 21. Na4 {[%clk 0:25:08]}  Rc8 {[%clk 0:19:30]} 22. Rac1 {[%clk 0:25:07]}  Nc6 {[%clk 0:19:41]} 23. Nc5 {[%clk 0:23:37]}  Bxc5 {[%clk 0:18:17]} 24. Bxc5 {[%clk 0:23:56]}  Kd7 {[%clk 0:17:11]} 25. Rhd1+ {[%clk 0:23:00]}  Kc7 {[%clk 0:17:11]} 26. b4 {[%clk 0:18:38]}  Rhd8 {[%clk 0:15:58]} 27. a4 {[%clk 0:16:44]}  Rxd1 {[%clk 0:14:55]} 28. Rxd1 {[%clk 0:17:05]}  Re8+ {[%clk 0:14:21]} 29. Kf1 {[%clk 0:12:18]}  Ne4 {[%clk 0:13:15]} 30. b5 {[%clk 0:10:19]}  Nxc5 {[%clk 0:11:46]} 31. bxc6 {[%clk 0:10:19]}  bxc6 {[%clk 0:11:55]} 32. Rc1 {[%clk 0:10:06]}  Ne4 {[%clk 0:11:40]} 33. Kg2 {[%clk 0:05:06]}  f5 {[%clk 0:10:43]} 34. Be2 {[%clk 0:04:48]}  a5 {[%clk 0:08:04]} 35. Bb5 {[%clk 0:03:33]}  Re6 {[%clk 0:07:24]} 36. Bc4 {[%clk 0:03:23]}  Rg6+ {[%clk 0:05:47]} 37. Kf3 {[%clk 0:03:37]}  Rh6 {[%clk 0:05:29]} 38. Bd5 {[%clk 0:02:49]}  Rh3+ {[%clk 0:03:40]} 39. Kg2 {[%clk 0:01:31]}  Rc3 {[%clk 0:03:28]} 40. Rxc3 {[%clk 0:01:37]}  Nxc3 {[%clk 0:03:47]} 41. Bb3 {[%clk 0:01:40]}  Kd6 {[%clk 0:30:28]} 42. Kf3 {[%clk 0:30:57]}  Kc5 {[%clk 0:29:26]} 43. Ke3 {[%clk 0:30:30]}  Nd5+ {[%clk 0:27:22]} 0-1